Datum a čas kvízu
18.5
Celkem bodů
Celkový počet nahraných bodů na tomto kvízu bez doplňovacích otázek.
9.
Pořadí na kvízu
Konečné umístění týmu na tomto kvízu.
Zaznamenané odpovědi
| # | Otázka | Odpověď | Body | Výsledky |
|---|---|---|---|---|
| 1. | Velmi netradiční problém musel... | bobr | 0 | |
| 2. | Nevšední hříšník uvízl v pondě... | C) holub | 1 | |
| 3. | Ve zprávách se minulý týden ob... | Čečensko | 1 | |
| 4. | Andrej Babiš se na sociálních... | Věra Jourová | 1 | |
| 5. | Francouzská parkouristka Anouk... | šplh na laně | 0 | |
| 6. | V pěti otázkách tohoto tématu... | halit | 0 | |
| 7. | Jaká je denní dávka kuchyňské... | B | 0 | |
| 8. | Tato sůl získala své růžové zb... | himálajská | 1 | |
| 9. | Jak zní obchodní název takzvan... | Praganda | 0 | |
| 10. | Jeden z nejznámějších a nejsta... | D) Wieliczka | 1 |